Escudos de fútbol de Uruguay - Estadísticas

Estadísticas generales
  • Esta prueba ha sido intentada 1.491 veces
  • La puntuación promedio es 22 de 31
Estadísticas de respuestas
Imagen Respuesta % Correcto
Nacional
100%
Peñarol
99%
Danubio
94%
Liverpool
91%
River Plate
90%
Cerro
86%
Defensor Sporting
86%
Fénix
84%
Racing
81%
Bella Vista
77%
Wanderers
77%
Cerro Largo
76%
Plaza Colonia
76%
Progreso
75%
Rampla Juniors
74%
Rentistas
74%
Deportivo Maldonado
72%
Miramar Misiones
70%
Sud América
69%
Boston River
66%
Central Español
62%
Albion
60%
Cerrito
59%
Juventud de Las Piedras
59%
Montevideo City Torque
56%
La Luz
53%
El Tanque Sisley
51%
Huracán Buceo
49%
Villa Española
45%
Basañez
41%
Atenas de San Carlos
37%
No se encontraron pruebas coincidentes
Distribución de puntuación
Porcentaje de gente con cada puntuación
Porcentaje por número respondido
Historial de tus puntuaciones
No has intentado esta prueba.